Bombacopsis quinata : (Registro nro. 3577)

Detalles MARC
000 -CABECERA
Campo de control 00847nam a2200241 i 4500
005 - FECHA Y HORA DE LA ULTIMA TRANSACCION
Campo de control 20191224041708.0
008 - ELEMENTOS DE LONGITUD FIJA—INFORMACION GENERAL
Campo de control 140312b2003 -Uk||||| |||| 00| 0 eng d
040 ## - FUENTE DE CATALOGACIÓN
Agencia catalogadora original CO-BoIAVH
Agencia transcriptora CO-BoIAVH
041 ## - IDIOMA
Código de idioma para texto/pista de sonido o título separado Español
082 04 - NUMERO DE CLASIFICACION DECIMAL DEWEY
Número de clasificación 582.16
Número del ítem B69b
245 ## - MENCION DE TITULO
Título Bombacopsis quinata :
Parte restante del título un árbol maderable para reforestar /
Mención de responsabilidad editado por J. Cordero y D. H. Boshier.
260 ## - PUBLICACION, DISTRIBUCION, ETC. (PIE DE IMPRENTA)
Lugar de publicación, distribución, etc. Oxford :
Nombre del editor, distribuidor, etc. Oxford Forestry Institute
-- University of Oxford,
Fecha de publicación, distribución, etc. 2003.
300 ## - DESCRIPCION FISICA
Extensión 182 páginas ;
Dimensiones 27 cm.
650 14 - ASIENTO SECUNDARIO DE MATERIA - TERMINO TEMATICO
Término temático o nombre geográfico como elemento de entrada Árboles
Subdivisión general Clasificación
9 (RLIN) 89773
650 24 - ASIENTO SECUNDARIO DE MATERIA - TERMINO TEMATICO
Término temático o nombre geográfico como elemento de entrada Reforestación
9 (RLIN) 89774
650 24 - ASIENTO SECUNDARIO DE MATERIA - TERMINO TEMATICO
Término temático o nombre geográfico como elemento de entrada Ecología de bosques
9 (RLIN) 33038
650 24 - ASIENTO SECUNDARIO DE MATERIA - TERMINO TEMATICO
Término temático o nombre geográfico como elemento de entrada Bosques
9 (RLIN) 92270
700 1# - ASIENTO SECUNDARIO - NOMBRE PERSONAL
Nombre personal Cordero, J.,
Término de relación editor.
9 (RLIN) 20418
700 1# - ASIENTO SECUNDARIO - NOMBRE PERSONAL
Nombre personal Boshier, D. H.
Término de relación editor.
9 (RLIN) 20419
856 ## - LOCALIZACION Y ACCESO ELECTRONICOS
Identificador Uniforme del Recurso http://www.bodley.ox.ac.uk/users/millsr/isbes/ODLF/TFP39.pdf
942 ## - ELEMENTOS ADICIONALES (KOHA)
Tipo de ítem Libro
Sistema de clasificación Dewey Decimal Classification
945 ## - PROCESAMIENTO LOCAL
AAAA-MM-DD - Fecha de ingreso o modificacion 2004-01-26
Existencias
Withdrawn status Lost status Sistema de Clasificación Damaged status No para préstamo Colección Inventariado Ubicación Permanente Ubicación actual Fecha de adquisición Fuente de Valor Valor Total Checkouts Número topográfico Inventario / Código de Barras Date last seen Ejemplar Price effective from Forma de adquisición Tipo de material
    Dewey Decimal Classification     General Inventariado 2017 Bogotá Bogotá 26/01/2004 Instituto 15000.00   LB-582.16 B69b 015802 04/12/2012 Ej. 1 04/12/2012   Libro
    Dewey Decimal Classification     General Inventariado 2017 Sala Fabio Quevedo Sala Fabio Quevedo 26/01/2004 Instituto 15000.00   LB-582.16 B69b 015243 04/12/2012 Ej. 2 04/12/2012 Donación Libro